Mathematics++ : (Record no. 523)

MARC details
000 -LEADER
fixed length control field 01814cam a2200385 i 4500
001 - CONTROL NUMBER
control field 18586168
003 - CONTROL NUMBER IDENTIFIER
control field OSt
005 - DATE AND TIME OF LATEST TRANSACTION
control field 20250420134814.0
008 - FIXED-LENGTH DATA ELEMENTS--GENERAL INFORMATION
fixed length control field 150422s2015 riu b 001 0 eng
010 ## - LIBRARY OF CONGRESS CONTROL NUMBER
LC control number 2015016136
020 ## - INTERNATIONAL STANDARD BOOK NUMBER
International Standard Book Number 9781470422615 (alk. paper)
040 ## - CATALOGING SOURCE
Original cataloging agency DLC
Language of cataloging eng
Transcribing agency KCST
042 ## - AUTHENTICATION CODE
Authentication code pcc
050 00 - LIBRARY OF CONGRESS CALL NUMBER
Classification number QA11.2
Item number .K36 2015
082 00 - DEWEY DECIMAL CLASSIFICATION NUMBER
Classification number 510
Edition information 23
100 1# - MAIN ENTRY--PERSONAL NAME
Personal name Kantor, Ida,
Dates associated with a name 1981-
9 (RLIN) 4810
245 10 - TITLE STATEMENT
Title Mathematics++ :
Remainder of title selected topics beyond the basic courses /
Statement of responsibility, etc. Ida Kantor, Jiří Matousek, Robert Šámal.
260 ## - PUBLICATION, DISTRIBUTION, ETC.
Place of publication, distribution, etc. Providence, Rhode Island :
Name of publisher, distributor, etc. American Mathematical Society,
Date of publication, distribution, etc. 2015.
300 ## - PHYSICAL DESCRIPTION
Extent xii, 343 pages ;
Dimensions 22 cm.
490 0# - SERIES STATEMENT
Series statement Student mathematical library ;
Volume/sequential designation volume 75
504 ## - BIBLIOGRAPHY, ETC. NOTE
Bibliography, etc. note Includes bibliographical references (pages 330-332) and index.
650 #0 - SUBJECT ADDED ENTRY--TOPICAL TERM
Topical term or geographic name entry element Mathematics
General subdivision Study and teaching (Graduate)
9 (RLIN) 4811
650 #0 - SUBJECT ADDED ENTRY--TOPICAL TERM
Topical term or geographic name entry element Computer science
General subdivision Mathematics.
9 (RLIN) 636
650 #7 - SUBJECT ADDED ENTRY--TOPICAL TERM
Topical term or geographic name entry element Algebraic geometry -- Instructional exposition (textbooks, tutorial papers, etc.).
Source of heading or term msc
9 (RLIN) 4812
650 #7 - SUBJECT ADDED ENTRY--TOPICAL TERM
Topical term or geographic name entry element Group theory and generalizations -- Representation theory of groups -- Representation theory of groups.
Source of heading or term msc
9 (RLIN) 4813
650 #7 - SUBJECT ADDED ENTRY--TOPICAL TERM
Topical term or geographic name entry element Measure and integration -- Instructional exposition (textbooks, tutorial papers, etc.).
Source of heading or term msc
9 (RLIN) 4814
650 #7 - SUBJECT ADDED ENTRY--TOPICAL TERM
Topical term or geographic name entry element Abstract harmonic analysis -- Instructional exposition (textbooks, tutorial papers, etc.).
Source of heading or term msc
9 (RLIN) 4815
650 #7 - SUBJECT ADDED ENTRY--TOPICAL TERM
Topical term or geographic name entry element Convex and discrete geometry -- General convexity -- General convexity.
Source of heading or term msc
9 (RLIN) 4816
650 #7 - SUBJECT ADDED ENTRY--TOPICAL TERM
Topical term or geographic name entry element General topology -- Instructional exposition (textbooks, tutorial papers, etc.).
Source of heading or term msc
9 (RLIN) 4817
650 #7 - SUBJECT ADDED ENTRY--TOPICAL TERM
Topical term or geographic name entry element Algebraic topology -- Instructional exposition (textbooks, tutorial papers, etc.).
Source of heading or term msc
9 (RLIN) 4818
700 1# - ADDED ENTRY--PERSONAL NAME
Personal name Matoušek, Jiří,
Dates associated with a name 1963-
9 (RLIN) 4819
700 1# - ADDED ENTRY--PERSONAL NAME
Personal name Samal, Robert,
Dates associated with a name 1977-
9 (RLIN) 4820
942 ## - ADDED ENTRY ELEMENTS (KOHA)
Koha item type Book
942 ## - ADDED ENTRY ELEMENTS (KOHA)
Source of classification or shelving scheme Dewey Decimal Classification
Holdings
Withdrawn status Lost status Source of classification or shelving scheme Damaged status Not for loan Home library Current library Date acquired Cost, normal purchase price Total checkouts Full call number Barcode Date last seen Price effective from Koha item type
    Dewey Decimal Classification     KCST Library KCST Library 29/07/2020 14.43   510 Ka Ma 1000000447 29/07/2020 29/07/2020 Book
© 2025 KCST. All rights reserved